000 00320nam a2200121Ia 4500
008 191201s2005 xx 000 0 und d
100 _aSCOTT, Cherie Carter
245 0 _aIf Love Is a Game, These Are the Rules
260 _aN.Delhi
_bArora Book World
_c2005
300 _a253
650 _aGeneral Books
942 _2ddc
_cBK
999 _c2418
_d2418